El cálculo (Registro nro. 1180)

Detalles MARC
000 -LEADER
fixed length control field 01501 a2200217 4500
001 - CONTROL NUMBER
control field 24377
005 - DATE AND TIME OF LATEST TRANSACTION
control field 20260407155528.0
008 - FIXED-LENGTH DATA ELEMENTS--GENERAL INFORMATION
fixed length control field 260407a1982 arg spa d
003 - CONTROL NUMBER IDENTIFIER
control field AR-UNSa-BCEJYS
040 ## - CATALOGING SOURCE
Original cataloging agency AR-UNSa-BCEJYS
Language of cataloging spa
Transcribing agency AR-UNSa-BCEJYS
080 ## - UNIVERSAL DECIMAL CLASSIFICATION NUMBER
Universal Decimal Classification number 517.1
Common auxiliary subdivision Introducción al análisis. (Cálculo)
041 ## - LANGUAGE CODE
Language code of text/sound track or separate title spa
100 1# - MAIN ENTRY--PERSONAL NAME
Personal name Leithold, Louis
245 10 - TITLE STATEMENT
Title El cálculo
Name of part/section of a work con geometría análitica
250 ## - EDITION STATEMENT
Edition statement 4a. ed
264 #1 - PRODUCTION, PUBLICATION, DISTRIBUTION, MANUFACTURE, AND COPYRIGHT NOTICE
Place of production, publication, distribution, manufacture México :
Name of producer, publisher, distributor, manufacturer Harla
Date of production, publication, distribution, manufacture, or copyright notice 1982
300 ## - PHYSICAL DESCRIPTION
Extent 1320 p.
Dimensions 22 cm.
505 ## - FORMATTED CONTENTS NOTE
Formatted contents note 1. Números reales, introducción a la geometría analítica y funciones - 2. Límites y continuidad - 3. Derivada - 4. Aplicaciones de la derivada - 5. La diferencial y la antidiferenciación - 6. La integral definida - 7. Aplicación de la integral definida - 8. Funciones inversas, logarítmicas y exponenciales - 9. Funciones trigonométricas e hiperbolicas - 10. Técnicas de integración - 11. Otras aplicaciones de la integración - 12. Coordenadas polares - 13. Secciones cónicas - 14. Formas indeterminadas, integrales impropias y fórmula de Taylor - 15. Series infinitas - 16. Vectores en el plano y ecuaciones paramétricas - 17. Vectores en el espacio tridimensional y geometría analítica sólida - 18. Cálculo diferencial de funciones de varias variables - 19. Derivadas direccionales; gradientes; aplicaciones de la derivadas parciales e integrales de línea - 20. Integración multiple - 21. Apéndice.
590 ## - LOCAL NOTE (RLIN)
Local note niveau_biblio:m niveau_hierar:0
942 ## - ADDED ENTRY ELEMENTS (KOHA)
Koha item type
Existencias
Withdrawn status Lost status Damaged status Not for loan Home library Current library Shelving location Date acquired Total checkouts Full call number Barcode Date last seen Price effective from Koha item type
        Biblioteca Prof. Eusebio Cleto del Rey Biblioteca Prof. Eusebio Cleto del Rey   07/04/2026   517.1 L533c 4ed. L44458 07/04/2026 07/04/2026 Libro
        Biblioteca Prof. Eusebio Cleto del Rey Biblioteca Prof. Eusebio Cleto del Rey   07/04/2026   517.1 L533c 4ed. L44455 07/04/2026 07/04/2026 Libro
        Biblioteca Prof. Eusebio Cleto del Rey Biblioteca Prof. Eusebio Cleto del Rey   07/04/2026   517.1 L533c 4ed. L44456 07/04/2026 07/04/2026 Libro
        Biblioteca Prof. Eusebio Cleto del Rey Biblioteca Prof. Eusebio Cleto del Rey   07/04/2026   517.1 L533c 4ed. L39807 07/04/2026 07/04/2026 Libro
        Biblioteca Prof. Eusebio Cleto del Rey Biblioteca Prof. Eusebio Cleto del Rey   07/04/2026   517.1 L533c 4ed. L39809 07/04/2026 07/04/2026 Libro